000 00209nam a22000737a 4500
999 _c24131
_d24131
003 Nust
005 20170525132736.0
008 140508b xxu||||| |||| 00| 0 eng d
010 _a2004303512
020 _cAvailable
_a1930657536
040 _aDLC
_bDLC
_cRCMS
082 _a808.04 CAR
100 _aRonald Carter
_91434
245 _aThe Web of Words
_cRonald carter
_bLiterature Through Language For Upper-Intermediate And Advanced Students
260 _aIndia
_bCambridge University Press
_cc 2007
300 _av, 188 p. :
_bill. ;
_c26 cm.
500 _aWhat’s going on? Summary and Narrative Prediction (page-1) Scenario: Language, Dialogue and Setting (page-20) Talking Together: Ranking (Page-41) Read Together: Ranking (Page-20) Read It About : Text And Phonology (Page-54) On The Inside: Writing And Patterns Of Language (Page-65) Words And Their Impact: Structures Of Vocabulary (Page-52) Re-Writing Literary An Non Literary Discourse (Page-94) Under The Microscope: Introduction To Stylistic Analysis (Page-109) The Moving Finger Writer’s Background (Page-125) In The Forum: Reading And Dissuasion Literature (Page-145)
538 _iShelf # 13, Row # 1, Fiction.
650 _aPaper making machinery.
_91435
856 _3Table of Content Only
942 _2ddc
_cFIC